Statistics for MLB 2022-2023 Off-Season Moves

Click here to take the quiz!

General Stats

  • This quiz has been taken 779 times
    (695 since last reset)
  • The average score is 18 of 30

Answer Stats

PositionOriginal teamCurrent teamPlayer% Correct
SSAtlanta BravesChicago CubsDansby Swanson
90%
3BBoston Red SoxExtended contractRafael Devers
89%
SSLos Angeles DodgersPhiladelphia PhilliesTrea Turner
83%
1BChicago White SoxHouston AstrosJosé Abreu
81%
SPHouston AstrosNew York MetsJustin Verlander
81%
SSMinnesota TwinsRe-signed after 2 contracts failed with the Giants and MetsCarlos Correa
79%
SSBoston Red SoxSan Diego PadresXander Bogaerts
77%
SPNew York MetsTexas RangersJacob DeGrom
75%
CChicago CubsSt. Louis CardinalsWilson Contreras
74%
OFNew York YankeesRe-signedAaron Judge
73%
SPFukuoka SoftBank Hawks (Japan)New York MetsKodai Senga
69%
OFNew York MetsRe-signedBrandon Nimmo
66%
RPNew York MetsRe-signedEdwin Diaz
65%
SPSan Francisco GiantsNew York YankeesCarlos Rodón
63%
SPLos Angeles DodgersRe-signedClayton Kershaw
62%
OFBoston Red SoxLos Angeles DodgersJ.D. Martinez
62%
1B/DHSan Diego PadresCleveland GuardiansJosh Bell
58%
OFOrix Buffaloes (Japan)Boston Red SoxMasataka Yoshida
57%
SPSan Diego PadresExtended contractYu Darvish
53%
OFNew York YankeesChicago White SoxAndrew Benintendi
51%
SSToronto Blue Jays
Extended contract
Bo Bichette
46%
SPHouston AstrosExtended contract
Christian Javier
45%
CMilwaukee BrewersNew York MetsOmar Narváez
43%
SPSt. Louis CardinalsExtended contractAdam Wainwright
40%
SPSan Diego PadresChicago White SoxMike Clevinger
38%
SPNew York MetsToronto Blue JaysChrist Bassitt
37%
UtilitymanSan Diego PadresLos Angeles AngelsBrandon Drury
36%
Utility infielderNew York YankeesSan Diego PadresMatt Carpenter
31%
SPSt. Louis CardinalsNew York MetsJosé Quintana
30%
SPPhiladelphia PhilliesLos Angeles DodgersNoah Syndergaard
21%

Score Distribution

Percentile by Number Answered

Percent of People with Each Score

Your Score History

You have not taken this quiz since the last reset